Statistics for European Olympic Games Host Cities

Click here to take the quiz!

General Stats

  • This quiz has been taken 36 times
  • The average score is 20 of 24

Answer Stats

YearSummerWinterCountryCity% Correct
1896, 2004I, XXVIII-GreeceAthens
100%
1908, 1948, 2012IV, XIV, XXX-United KingdomLondon
100%
1900, 1924, 2024II, VIII, XXXIII-FranceParis
100%
1928IX-NetherlandsAmsterdam
97%
1992XXV-SpainBarcelona
97%
1936XI-GermanyBerlin
97%
1952XV-FinlandHelsinki
94%
1980XXII-Soviet UnionMoscow
94%
1960XVII-ItalyRome
94%
1912V-SwedenStockholm
91%
1972XX-West GermanyMunich
89%
1984-XIVYugoslaviaSarajevo
89%
2006-XXItalyTurin
89%
1920VII-BelgiumAntwerp
86%
2026-XXVItalyMilan
86%
2014-XXIIRussiaSochi
86%
1964, 1976-IX, XIIAustriaInnsbruck
74%
1994-XVIINorwayLillehammer
74%
1968-XFranceGrenoble
66%
1956, 2026-VII, XXVItalyCortina d'Ampezzo
57%
1928, 1948-II, VSwitzerlandSt. Moritz
54%
1924-IFranceChamonix
49%
1936-IVGermanyGarmisch-Partenkirchen
49%
1992-XVIFranceAlbertville
46%

Score Distribution

Percentile by Number Answered

Percent of People with Each Score

Your Score History

You have not taken this quiz